Teaching moral values / (Record no. 43200)
[ view plain ]
| 000 -LEADER | |
|---|---|
| fixed length control field | 00790nam a2200253 a 4500 |
| 001 - CONTROL NUMBER | |
| control field | 43200 |
| 003 - CONTROL NUMBER IDENTIFIER | |
| rucl marc code | BD-RjUL |
| 005 - DATE AND TIME OF LATEST TRANSACTION | |
| control field | 20211209053648.0 |
| 008 - FIXED-LENGTH DATA ELEMENTS--GENERAL INFORMATION | |
| fixed length control field | 116112s1969 enk 000 0 eng d |
| 020 ## - INTERNATIONAL STANDARD BOOK NUMBER | |
| Canceled/invalid ISBN | 080063764 |
| 035 ## - SYSTEM CONTROL NUMBER | |
| System control number | (BD-RjUL)43318 |
| 040 ## - CATALOGING SOURCE | |
| Original cataloging agency | BD-RjUL |
| Language of cataloging | eng |
| Transcribing agency | BD-RjUL |
| 041 ## - LANGUAGE CODE | |
| Language code of text/sound track or separate title | eng |
| 082 ## - DEWEY DECIMAL CLASSIFICATION NUMBER | |
| Edition number | 23 |
| Classification number | 370.114 |
| Author mark and year | WAT 1969 |
| 100 1# - MAIN ENTRY--PERSONAL NAME | |
| Personal name | Ward, Lionel O |
| 9 (RLIN) | 132678 |
| 245 10 - TITLE STATEMENT | |
| Title | Teaching moral values / |
| Statement of responsibility, etc. | Lionel Ward |
| 260 ## - PUBLICATION, DISTRIBUTION, ETC. (IMPRINT) | |
| Place of publication, distribution, etc. | Oxford : |
| Name of publisher, distributor, etc. | Religious Education Press, |
| Date of publication, distribution, etc. | 1969 |
| 300 ## - PHYSICAL DESCRIPTION | |
| Pagination | 66 p. ; |
| Size | 18 cm |
| 490 1# - SERIES STATEMENT | |
| Series statement | Man and religion series, pt. 7 : Christianity and our culture |
| 650 #0 - SUBJECT ADDED ENTRY--TOPICAL TERM | |
| Topical term or geographic name as entry element | Values |
| General subdivision | Study and teaching |
| 9 (RLIN) | 132679 |
| Topical term or geographic name as entry element | Moral education. |
| 9 (RLIN) | 128599 |
| 830 #0 - SERIES ADDED ENTRY--UNIFORM TITLE | |
| Uniform title | Man and religion series, pt. 7 : Christianity and our culture |
| 942 ## - ADDED ENTRY ELEMENTS (KOHA) | |
| Source of classification or shelving scheme | Dewey Decimal Classification |
| Koha item type | Books |
| Lost status | Source of classification or shelving scheme | Damaged status | Not for loan | Collection code | Permanent Location | Current Location | Shelving location | Date acquired | Source of acquisition | Cost, normal purchase price | Total Checkouts | Full call number | Date last seen | Copy number | Koha item type |
|---|---|---|---|---|---|---|---|---|---|---|---|---|---|---|---|
| Dewey Decimal Classification | Non-fiction | Central Library, University of Rajshahi | Central Library, University of Rajshahi | 02/08/1972 | Book Centre | 8.80 | 370.114 WAT 1969 | 20/06/2016 | C-2 | Books |